| 000 | 00457cam a22001931 4500 | ||
|---|---|---|---|
| 001 | sa 64001799 | ||
| 003 | DLC | ||
| 005 | 20260227112005.0 | ||
| 008 | 881028s1963 xx 000 0 beno | ||
| 010 | _asa 64001799 | ||
| 035 | _a(OCoLC)23536965 | ||
| 040 |
_aDLC _cMiU _dDLC |
||
| 042 | _apremarc | ||
| 050 | 0 | 0 |
_aPK1718.B39 _bS4 |
| 100 | 1 |
_aBasu, Samareśa, _d1924-1988. |
|
| 245 | 1 | 0 | _aŚesha darabāra. |
| 260 | _c[1963] | ||
| 300 |
_a166 p. _c22 cm. |
||
| 999 |
_c56941 _d56941 |
||